1857 1975 1439 1212 1168 1018 1768 1095 1249 1509 1984 1821 1501 1495 1892 1635 1000 1660 1407 1390 1148 1062 1340 1164 1040 1475 1660 1871 1122 1938 1493 1762 1181 1932 1293 1164 1731 1358 1385 1660 1196 1448 1430 1017 1685 1566 1527 1670 1749 1298 1924 1484 1689 1725 1365 1499 1519 1417 1265 1501 1388 1127 1393 1624 1399 1184 1384 1978 1511 1147 1087 1437 1593 1555 1287 1809 1122 1592 1734 1657 1137 1456 1510 1596 1136 1897 1390 1831 1187 1843 1441 1150 1587 1078 1958 1453 1578 1618 1343 BCNSPRNW ULIB Ver.6.0+V

เปลี่ยนเป็นภาษาไทย

Change to English
 แสดงรายละเอียดบรรณานุกรม
  กลับหน้าหลัก

Brief Record : Get Marc (ISO 2709) : E-mail record : QR code < ปิดหน้าต่าง
LEADER : 00000nam 2200000uu 4500
001    13399120564
003     ULIB
008    120927s2550||||th 000 0 tha d
020    ^a9789740944683
060 04 ^aWY105^bอ792ก 2550
100 0  ^aอุดมรัตน์ สงวนศิริธรรม
245 00 ^aการพัฒนาวิชาชีพการพยาบาล =^bProfessional nursing development/^cอุดมรัตน์ สงวนศิริธรรม
246 31 ^aProfessional nursing development
250    ^aพิมพ์ครั้งที่ 1
260    ^aเชียงใหม่ :^bมหาวิทยาลัยเชียงใหม่,^c2550
300    ^a307 หน้า
650  7 ^aวิชาชีพการพยาบาล
710 2  ^aมหาวิทยาลัยเชียงใหม่
945    ^p250^l0^i15376
995    ^aวิภา
999    ^aใช้งานได้ทุกระบบ
รายการนี้ยังไม่มีแท็ก
คุณยังไม่ได้ล็อกอิน คุณสามารถมีกิจกรรมร่วมกับเว็บไซต์ได้ แต่ต้องล็อกอินก่อน ::
  ล็อกอิน

รายการสื่อสารสนเทศ

ลำดับที่ ประเภท เลขเรียก/บาร์โค้ด สถานที่ สถานะ
1. วิทยาศาสตร์การแพทย์ และสุขภาพ
วิทยาศาสตร์การแพทย์ และสุขภาพ
WY105 อ792ก 2550  
  Barcode: 15376
ห้องสมุดวิทยาเขตสวรรค์ประชารักษ์
►ส่วนจัดเก็บหนังสือเก่า สปร
บนชั้น
  ขอยืม

รายการใกล้เคียง
    ผู้แต่ง [อุดมรัตน์ สงวนศิริธรรม]

    หัวเรื่อง [วิชาชีพการพยาบาล]

BibComment


ยังไม่เคยถูกคอมเมนท์

คอมเมนท์ทรัพยากรรายการนี้
  คอมเมนท์: การพัฒนาวิชาชีพก..


 Copyright 2026. Bcnsprnw @Library